Normal view MARC view
  • Computer Science Engineering-An Efficient Edge

Entry Topical Term

Number of records used in: 1

001 - CONTROL NUMBER

  • control field: 35245

003 - CONTROL NUMBER IDENTIFIER

  • control field: NUST

005 - DATE AND TIME OF LATEST TRANSACTION

  • control field: 20201112161844.0

008 - FIXED-LENGTH DATA ELEMENTS

  • fixed length control field: 201112|| aca||aabn | a|a d

040 ## - CATALOGING SOURCE

  • Original cataloging agency: NUST
  • Transcribing agency: NUST

150 ## - HEADING--TOPICAL TERM

  • Topical term or geographic name entry element: Computer Science Engineering-An Efficient Edge

670 ## - SOURCE DATA FOUND

  • Source citation: Work cat.: (NUST): Waseem, Hira 35244, An Efficient Edge Preserving and Texture Suppression Technique /, 2016
© 2023 Central Library, National University of Sciences and Technology. All Rights Reserved.